La perla /
Guardado en:
| Autor Principal: | |
|---|---|
| Formato: | Libro |
| Publicado: |
Buenos Aires :
Edhasa,
2014
|
| Materias: | |
| Etiquetas: |
Agregar Etiqueta
Sin Etiquetas, Sea el primero en etiquetar este registro!
|
| LEADER | 01466nam a22003375a 4500 | ||
|---|---|---|---|
| 001 | CEM.cems015065 | ||
| 005 | 20190912153350.0 | ||
| 008 | 130507s2014##################000#0#####d | ||
| 003 | CEMS | ||
| 020 | |a 9789876283410 | ||
| 082 | 0 | 4 | |a 813.5 |
| 100 | 1 | |a Steinbeck, John | |
| 245 | 1 | 0 | |a La perla / |c John Steinbeck |
| 260 | |a Buenos Aires : |b Edhasa, |c 2014 | ||
| 300 | |a 144 p. | ||
| 500 | |a Título original: The Pearltraducción: Horacio Vázquez Rial | ||
| 653 | |a Literatura | ||
| 653 | |a Literatura estadounidense | ||
| 653 | |a Literatura infantil | ||
| 653 | |a Novela juvenil | ||
| 653 | |a Colección ciencias de la educación | ||
| 859 | |a CEMS |b BIB. CEMS - Ccias. Educacion |h 813.5 |i St346 |k CE |p 28001.19 |t Ej.2 | ||
| 859 | |a CEMS |b BIB. CEMS - Ccias. Educacion |h 813.5 |i St346 |k CE |p 28002.19 |t Ej.3 | ||
| 859 | |a CEMS |b BIB. CEMS - Ccias. Educacion |h 813.5 |i St346 |k CE |p 28003.19 |t Ej.4 | ||
| 859 | |a CEMS |b BIB. CEMS - Ccias. Educacion |h 813.5 |i St346 |k CE |p 28004.19 |t Ej.5 | ||
| 859 | |a CEMS |b BIB. CEMS - Ccias. Educacion |h 813.5 |i St346 |k CE |p 28005.19 |t Ej.6 | ||
| 859 | |a CEMS |b BIB. CEMS - Ccias. Educacion |h 813.5 |i St346 |k CE |p 28006.19 |t Ej.7 | ||
| 859 | |a CEMS |b BIB. CEMS - Ccias. Educacion |h 813.5 |i St346 |k CE |p 28007.19 |t Ej.8 | ||
| 859 | |a CEMS |b BIB. CEMS - Ccias. Educacion |h 813.5 |i St346 |k CE |p 28045.19 |t Ej.1 | ||
| 859 | |a CEMS |b BIB. CEMS - Ccias. Educacion |h 813.5 |i St346 |k CE |p 28558.19 |t Ej.9 | ||
| 859 | |a CEMS |b BIB. CEMS - Ccias. Educacion |h 813.5 |i St346 |k CE |p 28559.19 |t Ej.10 | ||
